000 00554nam a2200205Ia 4500
005 20230601120904.0
008 131103s9999 xx 000 0 und d
040 _aLoreto College
041 _aEnglish
082 _a809.2
_bNIC
100 _aNicoll, Allardyce
245 _aWorld drama
_b from Aeschylus to Anoulh
_cAllardyce Nicoll
260 _aLondon
_bGeorge G. Harrap
_c1951
300 _a1000 p.
_b 64 plates
504 _aIncludes index
650 _aLiterature - History and Criticism
651 _aDrama
850 _aLCLIB
942 _cBK
999 _c6885
_d57364